Capitales aleatorias de África en un mapa - Estadísticas

Estadísticas generales
  • Esta prueba ha sido intentada 5.077 veces
  • La puntuación promedio es 8 de 12
Respuestas en el mapa
Las respuestas están codificadas por una escala verde-roja en el mapa de la prueba según el % correcto abajo.
 
Estadísticas de respuestas
Capital % Correcto
El Cairo
99%
Rabat
97%
Túnez
96%
Argel
95%
Pretoria, Ciudad del Cabo, o Bloemfontein
92%
Trípoli
87%
Antananarivo
86%
Adís Abeba
85%
Dakar
85%
Nairobi
85%
Yibuti
76%
Luanda
75%
Kinsasa
74%
Abuya
73%
Brazzaville
72%
Praia
72%
Acra
71%
Mogadiscio
71%
Bisáu
70%
Jartum
70%
Freetown
69%
Yaundé
68%
Kampala
67%
Nuakchot
66%
Santo Tomé
66%
Windhoek
65%
Bamako
64%
Lomé
64%
Monrovia
64%
Victoria
64%
Uagadugú
63%
Libreville
62%
Maputo
62%
Porto-Novo o Cotonú
62%
Asmara
61%
Conakri
61%
Niamey
61%
Dodoma
60%
Bangui
59%
Gaborone
59%
Banjul
58%
Harare
58%
Kigali
58%
Yuba
58%
Yamusukro
56%
Yamena
54%
Port Louis
53%
Mbabane
52%
Lilongüe
51%
Lusaka
51%
Ciudad de la Paz
50%
Maseru
49%
Moroni
48%
Gitega
46%
No se encontraron pruebas coincidentes
Distribución de puntuación
Porcentaje de gente con cada puntuación
Porcentaje por número respondido
Historial de tus puntuaciones
No has intentado esta prueba.